| 000 | 00689nam a2200169Ia 4500 | ||
|---|---|---|---|
| 008 | 220515s9999||||xx |||||||||||||| ||und|| | ||
| 020 | _a1-4058-2404-2 | ||
| 050 | _aKD1629.5 .K44 2006 | ||
| 100 | _aKeenan, D. | ||
| 245 | 0 | _aSmith and Keenan Law for business | |
| 250 | _a13th ed. | ||
| 260 |
_aHarlow, England _bPeason _c2006 |
||
| 300 | _axli, 682p. | ||
| 500 | _aDescribes new statutory and case law developments, in particular the impact of new laws in the sphere of employment law, discrimination, and company law. Satisfies the business law requirements for a number of professional bodies. | ||
| 650 | _aLegal system|Law of contract|Employment law|Company law | ||
| 942 |
_2lcc _cBK |
||
| 999 |
_c2363 _d2363 |
||